000 00393nam a2200145 i 4500
001 bg
100 1 _aBĄTKIEWICZ, Henryk
245 0 _aProblemy rozbrojenia w radzieckiej polityce zagranicznej w latach 1945-1963 /
_cHenryk Bątkiewicz.
260 _aWrocław,
_c1977.
040 _cBPK
041 _apol
080 _a327(45+57)
942 _cKS
008 s pl f |000 0 pol
999 _c27784
_d27784
856 _uhttp://koha.tu.koszalin.pl/cgi-bin/koha/opac-detail.pl?biblionumber=27784
_yKatalog online BPK